Catálogo
 En Linea

La conquista del Éverest / (Registro nro. 19722)

Detalles MARC
000 -CABECERA
campo de control de longitud fija 00623nam a2200193 a 4500
001 - NÚMERO DE CONTROL
campo de control 000020217
005 - FECHA Y HORA DE LA ÚLTIMA TRANSACCIÓN
campo de control 20200929170322.0
008 - DATOS DE LONGITUD FIJA--INFORMACIÓN GENERAL
campo de control de longitud fija 100728s1990 mx a 000 0 spa d
020 ## - NÚMERO INTERNACIONAL ESTÁNDAR DEL LIBRO
Número Internacional Estándar del Libro 9681320387
040 ## - FUENTE DE LA CATALOGACIÓN
Centro catalogador/agencia de origen DO-SdBNP
Lengua de catalogación spa
Centro/agencia transcriptor BNPHU
082 ## - NÚMERO DE LA CLASIFICACIÓN DECIMAL DEWEY
Número de clasificación xxx
Número de documento/Ítem T693l
049 ## - FONDOS LOCALES (OCLC)
Fondos de biblioteca BNPD
100 1# - ENTRADA PRINCIPAL--NOMBRE DE PERSONA
Nombre de persona Torres Nova, Ricardo
9 (RLIN) 42817
245 13 - MENCIÓN DE TÍTULO
Título La conquista del Éverest /
Mención de responsabilidad, etc. Ricardo Torres Nova ; colaborador Miguel Guzmán Peredo.
260 ## - PUBLICACIÓN, DISTRIBUCIÓN, ETC.
Lugar de publicación, distribución, etc. Méxio D.F. :
Nombre del editor, distribuidor, etc. Diana,
Fecha de publicación, distribución, etc. 1990.
300 ## - DESCRIPCIÓN FÍSICA
Extensión 215 p. :
Otras características físicas il., graf. ;
Dimensiones 24 cm.
500 ## - NOTA GENERAL
Nota general Incluye datos biográficos del autor en las solapas
700 1# - PUNTO DE ACCESO ADICIONAL--NOMBRE DE PERSONA
Nombre de persona Guzmán Paredo, Miguel
9 (RLIN) 42818
Existencias
Estado de retiro Estado de pérdida Restricciones de uso No para préstamo Código de colección Localización permanente Ubicación/localización actual Ubicación en estantería Fecha de adquisición Número de inventario Total de préstamos Signatura topográfica completa Código de barras Fecha visto por última vez Precio válido a partir de Tipo de ítem Koha
        Monografías: Libros y Folletos General General En catalogación 28.07.2010 LF1   xxx T693l 20217-10 25.06.2020 25.06.2020 Préstamo en sala

Con tecnología Koha